[Event "OLNW 1718 SV Lingen - SC Tempo Götting"]
[Site "?"]
[Date "2017.11.12"]
[Round "3.6"]
[White "Gazic, Josip"]
[Black "Markgraf, Stefan"]
[Result "1-0"]
[WhiteElo "2202"]
[BlackElo "2088"]
[PlyCount "139"]
[EventDate "2017.??.??"]

1. e4 e5 2. Bc4 Nc6 3. Nc3 Nf6 4. d3 d6 5. Nge2 Be6 6. O-O d5 7. exd5 Nxd5 8.
Bb5 Qd7 9. Nxd5 Bxd5 10. c4 Be6 11. d4 a6 12. Bxc6 bxc6 13. b3 Bd6 14. Bb2 exd4
15. Nxd4 O-O 16. Nxe6 Qxe6 17. Qd4 Qh6 18. g3 f6 19. c5 Be5 20. Qc4+ Kh8 21.
Bxe5 fxe5 22. Rae1 Rf5 23. Re2 Raf8 24. Qxa6 Rh5 25. f3 Rhf5 26. Qd3 Qf6 27.
Re4 Rd8 28. Qe3 h6 29. a4 Rd5 30. b4 Qd8 31. f4 Rd3 32. Qe2 Rd2 33. Qc4 Rh5 34.
Re2 Rxe2 35. Qxe2 Qd4+ 36. Kg2 Qd5+ 37. Qf3 e4 38. Qe2 Rf5 39. Rd1 Qe6 40. Rd8+
Kh7 41. Rd4 e3 42. Kf3 Rd5 43. Qxe3 Qg6 44. g4 Qf6 45. Qe4+ Kh8 46. Rxd5 cxd5
47. Qxd5 Qc3+ 48. Ke4 Qxb4+ 49. Qd4 Qe1+ 50. Kf5 Qe7 51. g5 Qf7+ 52. Ke4 Qe6+
53. Qe5 Qc4+ 54. Kf5 Qf7+ 55. Kg4 Qd7+ 56. Kh5 hxg5 57. fxg5 Qf7+ 58. g6 Qf3+
59. Kh4 Qf2+ 60. Kg4 Qg2+ 61. Qg3 Qe2+ 62. Kf5 Qf1+ 63. Ke6 Qc4+ 64. Kd7 Qd5+
65. Kc8 Qf5+ 66. Kb7 Qe4+ 67. c6 Qb4+ 68. Kxc7 Qa5+ 69. Kc8 Qf5+ 70. Kb7 1-0

[Event "OLNW 1718 SV Lingen - SC Tempo Götting"]
[Site "?"]
[Date "2017.11.12"]
[Round "3.7"]
[White "Karwatt, Lothar"]
[Black "Milosevic, Aleksandar"]
[Result "1/2-1/2"]
[WhiteElo "2096"]
[BlackElo "2272"]
[PlyCount "43"]
[EventDate "2017.??.??"]

1. d4 Nf6 2. c4 e6 3. Nf3 d5 4. Nc3 dxc4 5. e4 Bb4 6. Bg5 b5 7. a4 c6 8. e5 h6
9. exf6 hxg5 10. fxg7 Rg8 11. Be2 Nd7 12. h4 gxh4 13. Rxh4 Qf6 14. Qc2 Nb6 15.
Kf1 Qxg7 16. g3 Bxc3 17. bxc3 Nd5 18. Qd2 Bb7 19. Ne5 f6 20. Ng4 Rh8 21. Rxh8+
Qxh8 22. Bf3 {(=)} 1/2-1/2

[Event "OLNW 1718 SV Lingen - SC Tempo Götting"]
[Site "?"]
[Date "2017.11.12"]
[Round "3.8"]
[White "Miljkovic, Jovana"]
[Black "Tietze, Manfred"]
[Result "1-0"]
[WhiteElo "1881"]
[BlackElo "1883"]
[PlyCount "127"]
[EventDate "2017.??.??"]

1. Nf3 b6 2. g3 Bb7 3. Bg2 e6 4. c4 f5 5. Nc3 Nf6 6. O-O Be7 7. d4 O-O 8. b3
Qe8 9. Bf4 d6 10. Ng5 Bxg2 11. Kxg2 Bd8 12. d5 e5 13. Bc1 Nbd7 14. Ne6 Rf7 15.
Qc2 Nf8 16. Ng5 g6 17. Nxf7 Qxf7 18. e4 Nxe4 19. Nxe4 fxe4 20. Qxe4 Bf6 21. Bb2
Nd7 22. b4 Bg7 23. f4 Qe7 24. f5 g5 25. Rae1 a5 26. a3 Nf6 27. Qe3 h6 28. Qb3
Qe8 29. h3 Nd7 30. Bc3 Bf6 31. Qb2 a4 32. Qe2 Qf7 33. Rf2 Kh7 34. Kh1 Be7 35.
Bd2 Nf6 36. Rg1 Rg8 37. Rh2 h5 38. Qe3 Qg7 39. g4 h4 40. Be1 Qh6 41. Qd3 Rb8
42. Re2 Kg8 43. Rf1 Kf7 44. Bc3 Qf8 45. Rfe1 Qd8 46. Bd2 Qg8 47. Qe3 Nh7 48. f6
Bf8 49. Rf1 Qg6 50. Ref2 Bh6 51. Qf3 Re8 52. Be3 Nf8 53. Bc1 Rb8 54. Qe2 Nh7
55. Rf5 Nf8 56. Qc2 Ra8 57. Be3 Nd7 58. Qc1 Rg8 59. c5 bxc5 60. bxc5 Rb8 61.
cxd6 cxd6 62. Qc7 Ke8 63. Qxd6 Bf8 64. f7+ 1-0

[Event "OLNW 1718 HSK Lister Turm - Bremer SG"]
[Site "?"]
[Date "2017.11.12"]
[Round "3.1"]
[White "Zeitlein, Michael"]
[Black "Hoffmann, Lukas"]
[Result "1/2-1/2"]
[WhiteElo "2346"]
[BlackElo "2297"]
[PlyCount "55"]
[EventDate "2017.??.??"]

1. e4 e6 2. d4 d5 3. Nd2 a5 4. Ngf3 Nf6 5. Bd3 a4 6. c3 c5 7. a3 cxd4 8. Nxd4
Nc6 9. O-O Nxd4 10. cxd4 Qb6 11. e5 Nd7 12. Nf3 Nb8 13. Qe2 Nc6 14. Be3 Be7 15.
Rac1 Bd7 16. Rc3 Na5 17. Rfc1 Nb3 18. Rd1 Na5 19. h4 Bc6 20. Bg5 h6 21. Bxe7
Kxe7 22. h5 Rac8 23. Qd2 Be8 24. g4 Rxc3 25. Qxc3 Bd7 26. Qd2 Rc8 27. Kh2 Nc4
28. Bxc4 1/2-1/2

[Event "OLNW 1718 HSK Lister Turm - Bremer SG"]
[Site "?"]
[Date "2017.11.12"]
[Round "3.2"]
[White "Petkidis, Anthony"]
[Black "Borik, Otto"]
[Result "1-0"]
[WhiteElo "2281"]
[BlackElo "2363"]
[PlyCount "79"]
[EventDate "2017.??.??"]

1. e4 e6 2. d4 d5 3. Nd2 Nf6 4. e5 Nfd7 5. Bd3 c5 6. c3 Nc6 7. Ne2 cxd4 8. cxd4
Nb6 9. O-O Bd7 10. a3 a5 11. f4 g6 12. Nf3 a4 13. g4 Nc4 14. Rb1 b5 15. f5 exf5
16. gxf5 Qb6 17. Kh1 Be7 18. Ng5 gxf5 19. Bxf5 Bxf5 20. Rxf5 Nd8 21. Qd3 Ra6
22. Ng3 h6 23. Nf3 Qg6 24. b3 axb3 25. Rxb3 h5 26. Rxb5 h4 27. Ne2 Bxa3 28. Bg5
Be7 29. Nf4 Qc6 30. Rb3 Ra1+ 31. Rb1 Ra3 32. Rb3 Nb2 33. Qb5 Rxb3 34. Qxb3 Qc1+
35. Kg2 Bxg5 36. Rxg5 Nd1 37. Nxd5 Nc6 38. Rg7 Rf8 39. Nf6+ Ke7 40. Qb7+ 1-0

[Event "OLNW 1718 HSK Lister Turm - Bremer SG"]
[Site "?"]
[Date "2017.11.12"]
[Round "3.3"]
[White "Hundack, Rolf"]
[Black "Hoerstmann, Martin"]
[Result "0-1"]
[WhiteElo "2096"]
[BlackElo "2255"]
[PlyCount "72"]
[EventDate "2017.??.??"]

1. c4 c6 2. Nf3 d5 3. d4 Nf6 4. Nc3 e6 5. e3 Nbd7 6. Bd3 dxc4 7. Bxc4 b5 8. Bd3
Bb7 9. O-O a6 10. Qe2 c5 11. Rd1 Bd6 12. e4 cxd4 13. Nxd4 O-O 14. Bg5 Qb8 15.
Nf3 Ne5 16. Bxf6 gxf6 17. Nxe5 Bxe5 18. Qh5 Qc7 19. Ne2 Kh8 20. Rac1 Qe7 21.
Rc2 Rad8 22. Rcd2 Rg8 23. f4 Bb8 24. Qh4 Ba7+ 25. Kh1 Be3 26. Ng3 Bxd2 27. Rxd2
Rd7 28. Nh5 Bxe4 29. Bxe4 Rxd2 30. h3 Rg6 31. Bxg6 fxg6 32. Nxf6 Rxb2 33. Qg5
Kg7 34. Nh5+ Kf7 35. Qh6 Kg8 36. Ng3 Qb7 0-1

[Event "OLNW 1718 HSK Lister Turm - Bremer SG"]
[Site "?"]
[Date "2017.11.12"]
[Round "3.4"]
[White "Voege, Tobias"]
[Black "Issing, Peter"]
[Result "1-0"]
[WhiteElo "2184"]
[BlackElo "2197"]
[PlyCount "107"]
[EventDate "2017.??.??"]

1. d4 Nf6 2. c4 e6 3. Nc3 Bb4 4. Nf3 c5 5. g3 Qa5 6. Qd3 d5 7. cxd5 exd5 8. Bd2
O-O 9. Bg2 c4 10. Qc2 Nc6 11. O-O Bg4 12. e3 Qc7 13. Ne5 Nxe5 14. Nb5 Nf3+ 15.
Bxf3 Qb6 16. Bxg4 Qxb5 17. a4 Qa5 18. Bxb4 Qxb4 19. Bh3 a5 20. Rab1 Ra6 21. b3
c3 22. f3 Re8 23. Kf2 Rc6 24. Rfd1 Re7 25. Rbc1 Rec7 26. Bf1 Rc8 27. Bb5 R6c7
28. Rd3 g6 29. Kg2 Kg7 30. Re1 Rd8 31. Rc1 Rdc8 32. Re1 Ng8 33. e4 Ne7 34. Ree3
dxe4 35. fxe4 f5 36. Bc4 fxe4 37. Rxe4 Rxc4 38. bxc4 Rxc4 39. Re5 Nc6 40. Rb5
Qe7 41. Rxc3 Rxd4 42. Rc4 Rd7 43. Rf4 Kg8 44. h4 Qe3 45. Qa2+ Kg7 46. Qb2+ Kg8
47. Qa2+ Kg7 48. Rb2 Nb4 49. Qa1 Kg8 50. Rbf2 Rd8 51. Qf6 Qe8 52. Qg5 Qc6+ 53.
Kh2 Re8 54. Qh6 1-0

[Event "OLNW 1718 HSK Lister Turm - Bremer SG"]
[Site "?"]
[Date "2017.11.12"]
[Round "3.5"]
[White "Juhnke, Karl"]
[Black "Hoerstmann, Rudi"]
[Result "1/2-1/2"]
[WhiteElo "2165"]
[BlackElo "2259"]
[PlyCount "82"]
[EventDate "2017.??.??"]

1. d4 Nf6 2. c4 e6 3. Nc3 Bb4 4. e3 c5 5. Bd3 Nc6 6. Nge2 cxd4 7. exd4 d5 8.
O-O dxc4 9. Bxc4 O-O 10. a3 Be7 11. Be3 b6 12. Qd3 Bb7 13. Rfd1 Rc8 14. Rac1
Nd5 15. Nxd5 exd5 16. Ba2 Qd7 17. b4 Nb8 18. Nc3 Ba6 19. b5 Bb7 20. a4 Qd6 21.
Ra1 Nd7 22. Bd2 Rfe8 23. Bb3 Bd8 24. Ne2 Nf6 25. f3 Nd7 26. Ng3 g6 27. Re1 Bf6
28. Rxe8+ Rxe8 29. Re1 Rxe1+ 30. Bxe1 Qa3 31. Ne2 Nf8 32. Bc2 Qe7 33. Kf2 Ne6
34. Bd2 Qc7 35. g3 Qc8 36. Bb3 Qd7 37. Be3 Qd6 38. Qc3 Qa3 39. Bc1 Qd6 40. Be3
Kg7 41. Nf4 Nf8 1/2-1/2

[Event "OLNW 1718 HSK Lister Turm - Bremer SG"]
[Site "?"]
[Date "2017.11.12"]
[Round "3.6"]
[White "Hampel, Felix"]
[Black "Giel, Olaf"]
[Result "0-1"]
[WhiteElo "2201"]
[BlackElo "2135"]
[PlyCount "100"]
[EventDate "2017.??.??"]

1. c4 g6 2. Nf3 Bg7 3. d4 c6 4. e4 d6 5. Nc3 Nd7 6. Be3 Ngf6 7. h3 O-O 8. Be2
e5 9. d5 c5 10. g4 Qa5 11. Nd2 a6 12. a4 h6 13. h4 Nh7 14. Nf1 f6 15. Ng3 Qd8
16. g5 fxg5 17. h5 gxh5 18. Bxh5 Ndf6 19. Bg6 Ng4 20. Qe2 Qf6 21. Bf5 Nxe3 22.
Qxe3 Bxf5 23. Nxf5 Rf7 24. Ne2 Bf8 25. Neg3 Qg6 26. Nh5 Nf6 27. Nxf6+ Rxf6 28.
Ke2 Rxf5 29. exf5 Qxf5 30. Rac1 Bg7 31. Qf3 Qxf3+ 32. Kxf3 Rf8+ 33. Ke2 e4 34.
Rh3 Rf4 35. Rb3 Bd4 36. Rf1 Rf7 37. Rb6 Rd7 38. Rd1 Kg7 39. b4 h5 40. a5 Rf7
41. Rxd6 Rxf2+ 42. Ke1 e3 43. Rd3 h4 44. Rd7+ Kg6 45. Rd6+ Kf5 46. Rd7 Ke4 47.
Rb3 cxb4 48. Re7+ Kf3 49. d6 Bc3+ 50. Kd1 Rd2+ 0-1

[Event "OLNW 1718 HSK Lister Turm - Bremer SG"]
[Site "?"]
[Date "2017.11.12"]
[Round "3.7"]
[White "Peters, Frank"]
[Black "Virag, Attila Aba"]
[Result "0-1"]
[WhiteElo "2097"]
[BlackElo "2281"]
[PlyCount "60"]
[EventDate "2017.??.??"]

1. c4 e5 2. g3 f5 3. Bg2 Nf6 4. Nc3 Be7 5. e3 O-O 6. Nge2 c6 7. O-O d6 8. d3
Be6 9. f4 Nbd7 10. b3 Nb6 11. a4 a5 12. d4 e4 13. Bd2 d5 14. c5 Nbd7 15. b4 b6
16. b5 bxc5 17. bxc6 Nb8 18. c7 Qxc7 19. Nb5 Qb6 20. dxc5 Bxc5 21. Ned4 Bd7 22.
Rb1 Na6 23. Qb3 Nb4 24. Rfd1 Bxb5 25. Bxb4 axb4 26. axb5 Ra3 27. Qb2 Rxe3 28.
Kh1 Ng4 29. Bf1 Rc3 30. Nb3 Nf2+ 0-1

[Event "OLNW 1718 HSK Lister Turm - Bremer SG"]
[Site "?"]
[Date "2017.11.12"]
[Round "3.8"]
[White "Polster, Christian"]
[Black "Rust-Lux, Klaus"]
[Result "1-0"]
[WhiteElo "2144"]
[BlackElo "2065"]
[PlyCount "51"]
[EventDate "2017.??.??"]

1. e4 c5 2. Nf3 e6 3. d4 cxd4 4. Nxd4 Nf6 5. Bd3 Nc6 6. Nxc6 bxc6 7. O-O d6 8.
Qe2 e5 9. c4 Be7 10. c5 Be6 11. cxd6 Qxd6 12. Nc3 O-O 13. b3 Rfd8 14. Rd1 Qd4
15. Qc2 Qb4 16. Bd2 Qd6 17. Bg5 Qb4 18. Na4 Bg4 19. f3 Qd4+ 20. Kh1 Be6 21. Bc4
c5 22. Rxd4 cxd4 23. Bxe6 fxe6 24. Qc6 Kf7 25. Nc5 Bxc5 26. Qxc5 1-0

[Event "OLNW 1718 SF Hannover - Bremer SG"]
[Site "?"]
[Date "2017.12.10"]
[Round "4.1"]
[White "Zeitlein, Michael"]
[Black "Schirm, Friedmar"]
[Result "1/2-1/2"]
[WhiteElo "2344"]
[BlackElo "2264"]
[PlyCount "100"]
[EventDate "2017.??.??"]

1. d4 Nf6 2. c4 g6 3. Nf3 Bg7 4. Nc3 d5 5. Bf4 O-O 6. Rc1 Nh5 7. Be5 f6 8. Bg3
Nxg3 9. hxg3 c6 10. e3 Be6 11. Nd2 Nd7 12. Qb3 Qb6 13. cxd5 Qxb3 14. Nxb3 cxd5
15. Be2 Bf7 16. O-O Rac8 17. Bg4 f5 18. Bf3 Nf6 19. Nc5 Ne4 20. Nd3 Rfd8 21.
Rc2 Rc7 22. Rfc1 Rdc8 23. Bd1 Nxc3 24. Rxc3 Rxc3 25. Rxc3 Rxc3 26. bxc3 Kf8 27.
Ba4 e6 28. Kf1 Be8 29. Bxe8 Kxe8 30. Nc5 e5 31. Nxb7 Kd7 32. Na5 Kc7 33. Nb3
Kb6 34. a4 e4 35. Ke2 Bf8 36. Kd1 g5 37. Kc2 h5 38. Nd2 Ka5 39. Kb3 Bd6 40. Nf1
Bc7 41. Nd2 Bd6 42. Nb1 a6 43. Na3 Bf8 44. Nc2 Be7 45. Nb4 Bxb4 46. cxb4+ Kb6
47. Kc3 Kc6 48. Kd2 Kb6 49. Ke2 a5 50. b5 g4 1/2-1/2

[Event "OLNW 1718 SF Hannover - Bremer SG"]
[Site "?"]
[Date "2017.12.10"]
[Round "4.2"]
[White "Ackermann, Dennie"]
[Black "Borik, Otto"]
[Result "0-1"]
[WhiteElo "2180"]
[BlackElo "2354"]
[PlyCount "67"]
[EventDate "2017.??.??"]

1. d4 c5 2. d5 Nf6 3. c4 b5 4. Nf3 bxc4 5. Nc3 d6 6. e4 Ba6 7. Nd2 Qa5 8. Qc2
g6 9. Bxc4 Bg7 10. O-O O-O 11. Rb1 Nfd7 12. Rd1 Ne5 13. Bf1 Bxf1 14. Nxf1 Nbd7
15. Ne3 Nb6 16. Qe2 Rab8 17. Bd2 Na4 18. f4 Nd7 19. Nc4 Qa6 20. Qd3 Nab6 21. b3
Nxc4 22. Na4 Bd4+ 23. Kh1 Nf6 24. Be1 Qb5 25. Nc3 Qa6 26. Ne2 Qxa2 27. Nxd4 Nb2
28. Qc2 cxd4 29. Rxb2 Qa6 30. Bf2 d3 31. Rxd3 Nxe4 32. Be3 Rfc8 33. Qd1 Qa3 34.
Qb1 {ZÜ} 0-1

[Event "OLNW 1718 SF Hannover - Bremer SG"]
[Site "?"]
[Date "2017.12.10"]
[Round "4.3"]
[White "Hundack, Rolf"]
[Black "Boehm, Juergen"]
[Result "1/2-1/2"]
[WhiteElo "2099"]
[BlackElo "2198"]
[PlyCount "42"]
[EventDate "2017.??.??"]

1. c4 c6 2. d4 d5 3. e3 Nf6 4. Nc3 a6 5. b3 Bf5 6. Nge2 e6 7. Ng3 Bb4 8. Bd2
Bg6 9. Be2 Nbd7 10. O-O Qe7 11. f4 h5 12. cxd5 cxd5 13. Nh1 Rc8 14. Qe1 Ba3 15.
Nf2 Bb2 16. Na4 Bxa1 17. Bb4 Bc3 18. Bxc3 O-O 19. Bb4 Qd8 20. Bxf8 Qxf8 21. Bd3
Bxd3 {(=)} 1/2-1/2

[Event "OLNW 1718 SF Hannover - Bremer SG"]
[Site "?"]
[Date "2017.12.10"]
[Round "4.5"]
[White "Juhnke, Karl"]
[Black "Kaimer, Thomas"]
[Result "0-1"]
[WhiteElo "2151"]
[BlackElo "2166"]
[PlyCount "108"]
[EventDate "2017.??.??"]

1. d4 Nf6 2. c4 c5 3. d5 b5 4. cxb5 a6 5. bxa6 g6 6. Nc3 Bxa6 7. e4 Bxf1 8.
Kxf1 d6 9. g3 Bg7 10. Kg2 O-O 11. Nf3 Nbd7 12. a4 Qb6 13. Qe2 Qb3 14. Bd2 Nb6
15. Qb5 Qxb5 16. axb5 Nc4 17. Ra6 Nd7 18. Rha1 Rab8 19. Ra7 Ndb6 20. Bc1 Nc8
21. R7a4 N8b6 22. R4a2 Nc8 23. Nd2 Nxd2 24. Bxd2 Bxc3 25. Bxc3 Rxb5 26. Ra8 f6
27. R8a6 Rb7 28. h4 Nb6 29. Ra7 Rfb8 30. Rxb7 Rxb7 31. Kf1 Kf7 32. Ke2 e6 33.
dxe6+ Kxe6 34. Kd3 Nd7 35. h5 f5 36. f3 fxe4+ 37. fxe4 Ne5+ 38. Kc2 Rf7 39.
hxg6 Rf2+ 40. Kb3 hxg6 41. Ra8 Rf3 42. Rg8 Rxg3 43. Kc2 Rg2+ 44. Kb3 Rg3 45.
Kc2 Nc6 46. Re8+ Kf7 47. Rc8 Ne7 48. Rc7 Ke6 49. Kd2 g5 50. Ke2 g4 51. Ra7 Rf3
52. Ra1 Ng6 53. Rg1 Nf4+ 54. Kd1 g3 0-1

[Event "OLNW 1718 SF Hannover - Bremer SG"]
[Site "?"]
[Date "2017.12.10"]
[Round "4.6"]
[White "Edel, Thomas"]
[Black "Giel, Olaf"]
[Result "1/2-1/2"]
[WhiteElo "2108"]
[BlackElo "2150"]
[PlyCount "28"]
[EventDate "2017.??.??"]

1. d4 Nf6 2. Nf3 e6 3. c4 b6 4. g3 Bb4+ 5. Bd2 Bxd2+ 6. Qxd2 O-O 7. Bg2 Bb7 8.
O-O Qe7 9. Nc3 d6 10. Qc2 c5 11. Rad1 Nc6 12. a3 Rac8 13. dxc5 dxc5 14. Rd2
Rfd8 {(=)} 1/2-1/2

[Event "OLNW 1718 SF Hannover - Bremer SG"]
[Site "?"]
[Date "2017.12.10"]
[Round "4.7"]
[White "Peters, Frank"]
[Black "Liebau, Andreas"]
[Result "1-0"]
[WhiteElo "2085"]
[BlackElo "2234"]
[PlyCount "109"]
[EventDate "2017.??.??"]

1. c4 e5 2. Nc3 Bb4 3. Qc2 Nc6 4. e3 Nf6 5. a3 Bxc3 6. Qxc3 a5 7. Nf3 Qe7 8. b3
O-O 9. Bb2 Re8 10. Be2 d6 11. O-O Bg4 12. d3 h6 13. Rac1 Qf8 14. h3 Bh5 15. Qc2
Bg6 16. Rfd1 Bh7 17. Bc3 e4 18. dxe4 Nxe4 19. Bd3 f5 20. Nd4 Nxc3 21. Qxc3 Ne5
22. Nb5 Qe7 23. Bf1 b6 24. b4 axb4 25. axb4 Rad8 26. c5 bxc5 27. bxc5 d5 28.
Nd4 Qf6 29. Bb5 c6 30. Nxc6 Nxc6 31. Qxf6 gxf6 32. Bxc6 Re5 33. Bb7 Rd7 34. Bc6
Rd8 35. Bb7 Rd7 36. c6 Rc7 37. Rc3 Kf8 38. f4 Ree7 39. Rxd5 Bg6 40. Ra3 Kg7 41.
Kf2 Be8 42. Rd6 Kf7 43. Ra8 Kg7 44. Ra5 Bg6 45. Rad5 Bf7 46. Rxf5 Be6 47. Rc5
Bf7 48. g4 Be8 49. Kf3 Bg6 50. f5 Bf7 51. Kf4 Ba2 52. e4 Bf7 53. h4 Be8 54. e5
fxe5+ 55. Rxe5 {(=)} 1-0

[Event "OLNW 1718 SF Hannover - Bremer SG"]
[Site "?"]
[Date "2017.12.10"]
[Round "4.8"]
[White "Herrmann, Andreas"]
[Black "Rust-Lux, Klaus"]
[Result "1-0"]
[WhiteElo "2120"]
[BlackElo "2070"]
[PlyCount "87"]
[EventDate "2017.??.??"]

1. d4 Nf6 2. Nf3 d6 3. c3 Nbd7 4. Bf4 g6 5. Nbd2 Bg7 6. e3 O-O 7. h3 b6 8. Be2
Bb7 9. O-O Re8 10. a4 a5 11. Bh2 e5 12. dxe5 dxe5 13. Bb5 Qe7 14. Qc2 Red8 15.
Rfd1 h6 16. Rab1 Ne8 17. Be2 Bc6 18. b3 Ndf6 19. Nc4 Be4 20. Qb2 Bxb1 21. Rxb1
Nd7 22. Qc2 f5 23. b4 Nd6 24. h4 axb4 25. cxb4 c5 26. h5 Nxc4 27. Bxc4+ Kh8 28.
hxg6 e4 29. Nd2 cxb4 30. Be2 Rac8 31. Qa2 Ne5 32. Nc4 Nxc4 33. Bxc4 Qc5 34. Bf1
Qc2 35. Qxc2 Rxc2 36. g4 Bc3 37. gxf5 Rf8 38. Bh3 Ra2 39. Bd6 Re8 40. Rxb4 Bxb4
41. Bxb4 Rg8 42. Bc3+ Rg7 43. Bg2 Rxa4 44. f6 1-0

[Event "OLNW 1718 SC Tempo Göttingen - HSK Lis"]
[Site "?"]
[Date "2017.12.10"]
[Round "4.1"]
[White "Hoffmann, Lukas"]
[Black "Armbrust, Florian"]
[Result "1/2-1/2"]
[WhiteElo "2276"]
[BlackElo "2310"]
[PlyCount "35"]
[EventDate "2017.??.??"]

1. d4 Nf6 2. Nf3 g6 3. c4 Bg7 4. Nc3 O-O 5. e4 d6 6. Be2 e5 7. dxe5 dxe5 8.
Qxd8 Rxd8 9. Bg5 Re8 10. Nd5 Nxd5 11. cxd5 c6 12. O-O cxd5 13. exd5 f5 14. Rad1
h6 15. Be3 Nd7 16. Bb5 f4 17. Bc1 a6 18. Ba4 1/2-1/2

[Event "OLNW 1718 SC Tempo Göttingen - HSK Lis"]
[Site "?"]
[Date "2017.12.10"]
[Round "4.2"]
[White "Schmidt, Alexander"]
[Black "Buchenau, Frank"]
[Result "0-1"]
[WhiteElo "2115"]
[BlackElo "2236"]
[PlyCount "60"]
[EventDate "2017.??.??"]

1. e4 e6 2. d4 d5 3. Nd2 Nc6 4. Ngf3 Nf6 5. e5 Nd7 6. c3 f6 7. exf6 Qxf6 8. Bb5
Bd6 9. O-O O-O 10. Qe2 e5 11. Bxc6 bxc6 12. dxe5 Nxe5 13. Nxe5 Bxe5 14. f4 Bd6
15. Nb3 a5 16. Qf3 Bf5 17. Be3 a4 18. Nc5 Rfb8 19. Qf2 a3 20. b3 Qxc3 21. Bd4
Qb4 22. Rac1 Re8 23. Rfd1 Re7 24. Qg3 Rae8 25. h3 Bg6 26. Qh4 Rf7 27. g3 Re1+
28. Rxe1 Qxd4+ 29. Kh1 Bxc5 30. Qg4 Be4+ 0-1

[Event "OLNW 1718 SC Tempo Göttingen - HSK Lis"]
[Site "?"]
[Date "2017.12.10"]
[Round "4.3"]
[White "Hoerstmann, Martin"]
[Black "Liebig, Stefan"]
[Result "1/2-1/2"]
[WhiteElo "2253"]
[BlackElo "2103"]
[PlyCount "32"]
[EventDate "2017.??.??"]

1. c4 Nf6 2. g3 c6 3. Nf3 d5 4. Bg2 g6 5. b3 dxc4 6. bxc4 Bg7 7. Bb2 O-O 8. O-O
a5 9. d3 Na6 10. Nc3 Nc5 11. Qc2 Re8 12. Rad1 Qc7 13. e4 e5 14. Ne2 Nfd7 15.
Nd2 Nf8 16. Kh1 Rd8 1/2-1/2

[Event "OLNW 1718 SC Tempo Göttingen - HSK Lis"]
[Site "?"]
[Date "2017.12.10"]
[Round "4.4"]
[White "Markgraf, Stefan"]
[Black "Voege, Tobias"]
[Result "0-1"]
[WhiteElo "2096"]
[BlackElo "2156"]
[PlyCount "64"]
[EventDate "2017.??.??"]

1. e4 c5 2. c3 g6 3. d4 cxd4 4. cxd4 d5 5. e5 Nc6 6. Nc3 Bg7 7. Bb5 f6 8. Qa4
Bd7 9. e6 Bxe6 10. Bxc6+ bxc6 11. Qxc6+ Kf7 12. Nge2 Nh6 13. Nf4 Qc8 14. Qxc8
Bxc8 15. Nfxd5 Nf5 16. Be3 Bb7 17. O-O Rhd8 18. Nf4 Nxd4 19. Rac1 f5 20. Rfd1
Rac8 21. a3 Rc4 22. Re1 Rdc8 23. Rcd1 Nc2 24. Re2 Nxe3 25. fxe3 Bxc3 26. bxc3
Rxc3 27. Nd5 Rc2 28. Rdd2 Rxd2 29. Rxd2 Rd8 30. e4 Rd7 31. Rb2 Bxd5 32. exd5
Rxd5 0-1

[Event "OLNW 1718 SC Tempo Göttingen - HSK Lis"]
[Site "?"]
[Date "2017.12.10"]
[Round "4.5"]
[White "Hoerstmann, Rudi"]
[Black "Petzold, Lutz Lukas"]
[Result "1-0"]
[WhiteElo "2252"]
[BlackElo "2242"]
[PlyCount "65"]
[EventDate "2017.??.??"]

1. Nf3 Nf6 2. c4 g6 3. Nc3 c5 4. d4 cxd4 5. Nxd4 Bg7 6. e4 d6 7. Be2 O-O 8. Be3
Nc6 9. O-O Bd7 10. Qd2 Ng4 11. Bxg4 Bxg4 12. Rac1 Bd7 13. Rfd1 Re8 14. c5 dxc5
15. Nb3 Ne5 16. Nxc5 Bc6 17. Qe2 Qc8 18. b4 a6 19. a4 b5 20. axb5 axb5 21. Nxb5
Bxb5 22. Qxb5 Rb8 23. Qe2 Qg4 24. f3 Qh5 25. Rb1 Nc6 26. b5 Nd4 27. Rxd4 Qxc5
28. Rdd1 Qa3 29. b6 Rb7 30. Rd3 Qa5 31. Qd1 Be5 32. Rd5 Qc3 33. Rb3 1-0

[Event "OLNW 1718 SC Tempo Göttingen - HSK Lis"]
[Site "?"]
[Date "2017.12.10"]
[Round "4.6"]
[White "Karwatt, Lothar"]
[Black "Hampel, Felix"]
[Result "1/2-1/2"]
[WhiteElo "2088"]
[BlackElo "2198"]
[PlyCount "49"]
[EventDate "2017.??.??"]

1. d4 g6 2. c4 Bg7 3. Nf3 d6 4. g3 Nc6 5. d5 Nb8 6. Bg2 c6 7. O-O Nf6 8. Nc3
O-O 9. h3 Bd7 10. e4 Na6 11. Qe2 Nc5 12. Bf4 a5 13. Rad1 cxd5 14. exd5 a4 15.
Rfe1 Re8 16. Nd4 h6 17. g4 Qa5 18. Ndb5 Rac8 19. Bf1 Na6 20. Qd2 Kh7 21. Be3
Nc7 22. Nxc7 Rxc7 23. Bd4 Rcc8 24. Re3 Qd8 25. Rde1 1/2-1/2

[Event "OLNW 1718 SC Tempo Göttingen - HSK Lis"]
[Site "?"]
[Date "2017.12.10"]
[Round "4.7"]
[White "Virag, Attila Aba"]
[Black "Loehnhardt, Benjamin"]
[Result "1-0"]
[WhiteElo "2278"]
[BlackElo "2021"]
[PlyCount "143"]
[EventDate "2017.??.??"]

1. e4 c6 2. d4 d5 3. e5 a6 4. Nd2 c5 5. dxc5 Nc6 6. f4 h5 7. Ngf3 Bg4 8. Be2 e6
9. Nb3 Nh6 10. Be3 Nf5 11. Bf2 Rc8 12. Nfd2 Bxe2 13. Qxe2 g5 14. g3 gxf4 15.
gxf4 Nb4 16. Nf3 Bh6 17. a3 Nc6 18. Be3 Nce7 19. Ng5 Ng6 20. Rg1 Bxg5 21. Rxg5
Qc7 22. O-O-O Nxe3 23. Qxe3 b6 24. f5 Ne7 25. fxe6 fxe6 26. Qe2 bxc5 27. Qxa6
Qc6 28. Qe2 Rb8 29. Rxh5 Rxh5 30. Qxh5+ Kd7 31. Qf3 Qb5 32. Qc3 Rc8 33. Nd2 Nf5
34. Ne4 Rc6 35. Qd3 c4 36. Qc3 d4 37. Ng3 Kc7 38. Qb4 Qxe5 39. Nxf5 exf5 40.
Kb1 c3 41. Qxd4 Qxd4 42. Rxd4 cxb2 43. Kxb2 Rf6 44. Kc3 Rh6 45. h4 Ra6 46. a4
Ra5 47. Kd3 Re5 48. c4 Kc6 49. Rd5 Re4 50. h5 Rf4 51. Kc3 Rf3+ 52. Kb4 f4 53.
Rf5 Kd6 54. h6 Rh3 55. c5+ Kc6 56. Rf6+ Kd7 57. Kb5 f3 58. Rf7+ Kd8 59. Kb6 Ke8
60. Rf4 Ke7 61. c6 Rxh6 62. Rxf3 Rh4 63. a5 Rb4+ 64. Kc5 Ra4 65. Kb5 Ra1 66.
Rd3 Rb1+ 67. Ka6 Rc1 68. Kb7 Rb1+ 69. Kc7 Ra1 70. Rd5 Ke6 71. Rb5 Ra2 72. Kb7
1-0

[Event "OLNW 1718 SV Werder Bremen III - SV Lin"]
[Site "?"]
[Date "2017.12.10"]
[Round "4.1"]
[White "Perunovic, Milos"]
[Black "Kardoeus, David"]
[Result "1-0"]
[WhiteElo "2595"]
[BlackElo "2199"]
[PlyCount "55"]
[EventDate "2017.??.??"]

1. e4 c5 2. Nf3 Nc6 3. Nc3 Nf6 4. Bb5 Nd4 5. e5 Nxb5 6. Nxb5 Nd5 7. Ng5 f6 8.
Qf3 fxg5 9. Qxd5 e6 10. Qf3 a6 11. Nc3 Qc7 12. Qh5+ g6 13. Qxg5 Bg7 14. f4 O-O
15. d3 b5 16. Be3 Bb7 17. O-O c4 18. a3 Qc6 19. Rad1 a5 20. dxc4 Bh6 21. cxb5
Qxc3 22. bxc3 Bxg5 23. fxg5 Rxf1+ 24. Kxf1 Bd5 25. b6 Rf8+ 26. Kg1 Kf7 27. Bc5
Rc8 28. Rxd5 1-0

[Event "OLNW 1718 SV Werder Bremen III - SV Lin"]
[Site "?"]
[Date "2017.12.10"]
[Round "4.2"]
[White "Buchal, Stephan"]
[Black "Epishin, Vladimir"]
[Result "0-1"]
[WhiteElo "2319"]
[BlackElo "2534"]
[PlyCount "58"]
[EventDate "2017.??.??"]

1. c4 e6 2. g3 d5 3. Bg2 Nf6 4. Nf3 Be7 5. O-O O-O 6. b3 b6 7. Bb2 Bb7 8. e3 c5
9. Nc3 Nbd7 10. Qc2 Rc8 11. Rad1 h6 12. cxd5 Nxd5 13. Nxd5 Bxd5 14. Qb1 Rc7 15.
Rfe1 Qc8 16. e4 Bb7 17. d4 cxd4 18. Nxd4 a6 19. Re2 Rd8 20. Red2 Nf6 21. Ne2
Rxd2 22. Rxd2 Qa8 23. f3 Qc8 24. h3 a5 25. Be5 Rd7 26. Qd1 Ba6 27. Bb2 Qc5+ 28.
Kh2 Rxd2 29. Qxd2 Qf2 0-1